ARRUPE JESUIT UNIVERSITY

CORONAVIRUS -STOP THE SPREAD - CLEAN,DISINFECT,COVER
Normal view MARC view

Entry Personal Name

Number of records used in: 2

001 - CONTROL NUMBER

  • control field: 23074

003 - CONTROL NUMBER IDENTIFIER

  • control field: ARRUPE

005 - DATE AND TIME OF LATEST TRANSACTION

  • control field: 20160321124838.0

008 - FIXED-LENGTH DATA ELEMENTS

  • fixed length control field: 160321|| aca||aabn | a|a d

040 ## - CATALOGING SOURCE

  • Original cataloging agency: ARRUPE
  • Transcribing agency: ARRUPE

100 ## - HEADING--PERSONAL NAME

  • Personal name: Croll, Elisabeth,
  • Dates associated with a name: 1944-2007.

670 ## - SOURCE DATA FOUND

  • Source citation: Work cat.: (ARRUPE)0: Croll, Elisabeth, 1944-2007., Feminism and socialism in China /, 1978.

 

Arrupe Library. PO Box MP320 Mt Pleasant, Harare, Zimbabwe
263 242 745411|librarian@aju.ac.zw